00339 2200145 4500001002100000005001500021035002000036245005200056100001900108300001200127260002000139082000800159084001400167990001200181INLIS00000000000202220250527085331 a0010-05250003141 aGoiang Home ( Tambahan Hati ) /cDanielte Steak0 aDanielte Steak a409 hlm bGramedia,c2005 a813 a813 DAN g a0712672